| 000 | 00539nam a2200217Ia 4500 | ||
|---|---|---|---|
| 008 | 210210b1955 xxu||||| |||| 00| 0 eng d | ||
| 041 | _aeng | ||
| 082 | _a333/46 | ||
| 100 | _aINDIA (Governmet of) | ||
| 245 | _aSecond five year plan: the frame work | ||
| 260 |
_aDelhi _bPublication Division Ministry of Information & Broadcasting _c1955 |
||
| 650 | _ayear | ||
| 650 | _awork | ||
| 650 | _athe | ||
| 650 | _aSecond | ||
| 650 | _aplan: | ||
| 650 | _aframe | ||
| 650 | _afive | ||
| 690 | _aEconomic Planning | ||
| 906 | _a004219 | ||
| 999 |
_c123669 _d123669 |
||